| Tag |
First Indicator |
Second Indicator |
Subfields |
| LEADER |
00000cam a22000001i 4500 |
| 001 |
in00004120621 |
| 005 |
20200117084853.0 |
| 006 |
m d f |
| 007 |
cr bn mmmapmmp |
| 008 |
091109s1976 dcu o f000 0 eng d |
| 035 |
|
|
|a cis2007528029
|
| 040 |
|
|
|a UMI
|b eng
|e rda
|c UMI
|d UtOrBLW
|
| 110 |
1 |
|
|a United States.
|b Congress.
|b Senate.
|b Committee on Rules and Administration,
|e issuing body.
|0 http://id.loc.gov/authorities/names/n79125216
|
| 245 |
1 |
0 |
|a Procurement of a Correspondence Management System (CMS) and Computer Terminals for the Senate; Instructions To Draft a Policy Concerning :
|b (1) Allocation of Electrical-Mechanical Equipment, and (2) Methods of Controlling Computer Terminal Supply Costs.
|
| 264 |
|
1 |
|a [Washington :
|b U.S. G.P.O.],
|c 1976.
|
| 300 |
|
|
|a 30 pages, digital, PDF file.
|
| 336 |
|
|
|a text
|2 rdacontent
|b txt
|
| 337 |
|
|
|a computer
|b c
|2 rdamedia
|
| 338 |
|
|
|a online resource
|2 rdacarrier
|b cr
|
| 500 |
|
|
|a Record is based on bibliographic data in ProQuest Congressional Hearings Digital Collection (last viewed July 2018) Reuse except for individual research requires license from ProQuest, LLC.
|
| 520 |
|
|
|a Executive Session.
|
| 538 |
|
|
|a System requirements: PDF reader software.
|
| 500 |
|
|
|a Electronic resource.
|
| 650 |
|
0 |
|a Computers.
|0 http://id.loc.gov/authorities/subjects/sh85029552
|
| 650 |
|
0 |
|a Public contracts.
|0 http://id.loc.gov/authorities/subjects/sh85108628
|
| 710 |
1 |
|
|a United States.
|b Congress.
|b Senate,
|e other agent associated with work.
|0 http://id.loc.gov/authorities/names/n79022161
|
| 730 |
0 |
|
|a ProQuest U.S. Congressional Hearings Digital Collection.
|
| 776 |
0 |
8 |
|a United States. Congress. Senate. Committee on Rules and Administration
|t Procurement of a Correspondence Management System (CMS) and Computer Terminals for the Senate; Instructions To Draft a Policy Concerning: (1) Allocation of Electrical-Mechanical Equipment, and (2) Methods of Controlling Computer Terminal Supply Costs
|o 94 SRul-T.59
|
| 856 |
4 |
0 |
|u http://proxy.library.tamu.edu/login?url=http://congressional.proquest.com/congcomp/getdoc?HEARING-ID=HRG-1976-RAS-0026
|y Electronic resource (PDF)
|t 0
|
| 999 |
f |
f |
|s 5795715b-3eb8-35ef-80c1-55464d282467
|i a7180ca9-f1a1-3763-908f-04c90f650c34
|t 0
|
| 952 |
f |
f |
|a Texas A&M University
|b College Station
|c Electronic Resources
|d Available Online
|t 0
|h No information provided
|
| 998 |
f |
f |
|t 0
|l Available Online
|